Cambodia's foreign policy
Đã lưu trong:
| Hovedforfatter: | |
|---|---|
| Format: | Bog |
| Sprog: | Undetermined |
| Udgivet: |
Ithaca
Cornell University Press
1965
|
| Fag: | |
| Tags: |
Tilføj Tag
Ingen Tags, Vær først til at tagge denne postø!
|
| Thư viện lưu trữ: | Trung tâm Học liệu Trường Đại học Cần Thơ |
|---|
| LEADER | 00503nam a2200193Ia 4500 | ||
|---|---|---|---|
| 001 | CTU_92553 | ||
| 008 | 210402s9999 xx 000 0 und d | ||
| 082 | |a 327.596 | ||
| 082 | |b S657 | ||
| 100 | |a Smith, Roger M. | ||
| 245 | 0 | |a Cambodia's foreign policy | |
| 245 | 0 | |c Roger M. Smith | |
| 260 | |a Ithaca | ||
| 260 | |b Cornell University Press | ||
| 260 | |c 1965 | ||
| 650 | |a Foreign relations | ||
| 650 | |z Cambodia | ||
| 904 | |i Bằng | ||
| 980 | |a Trung tâm Học liệu Trường Đại học Cần Thơ | ||